ბათუმის შოთა რუსთაველის სახელმწიფო უნივერსიტეტის ბიბლიოთეკა

სუბტროპიკული კულტურები. 1-4 (261-264). 2010 (ბიბ.ჩანაწერი № 54814)

000 -LEADER
fixed length control field 00969nam a2200217Ia 4500
001 - CONTROL NUMBER
control field 21883
003 - CONTROL NUMBER IDENTIFIER
control field GE_BSU
008 - FIXED-LENGTH DATA ELEMENTS--GENERAL INFORMATION
fixed length control field 181216s||||||||xx |||||||||||||| ||und||
040 ## - CATALOGING SOURCE
Transcribing agency GE_BSU
245 ## - TITLE STATEMENT
Title სუბტროპიკული კულტურები. 1-4 (261-264). 2010
245 ## - TITLE STATEMENT
Remainder of title მოვლა-მოყვანა გადამუშავება
245 ## - TITLE STATEMENT
Statement of responsibility, etc. მთავ. რედ. ე. ცანავა
250 ## - EDITION STATEMENT
Edition statement საქ. განათლ. და მეცნ. სამინისტრო
260 ## - PUBLICATION, DISTRIBUTION, ETC.
Place of publication, distribution, etc. თბილისი
260 ## - PUBLICATION, DISTRIBUTION, ETC.
Date of publication, distribution, etc. 2010
300 ## - PHYSICAL DESCRIPTION
Extent 394გვ. 29სმ.
520 ## - SUMMARY, ETC.
Summary, etc. ჟურნალი გამოდის ქართულ, რუსულ და ინგლ. ენებზე
653 ## - INDEX TERM--UNCONTROLLED
Uncontrolled term მოვლა-მოყვანა გადამუშავება
653 ## - INDEX TERM--UNCONTROLLED
Uncontrolled term სუბტროპიკული კულტურები. 1-4 (261-264). 2010
942 ## - ADDED ENTRY ELEMENTS (KOHA)
Koha item type პერიოდიკა
ეგზემპლარები
Withdrawn status Lost status Damaged status Not for loan Date acquired Barcode Date last seen Price effective from Koha item type Public note
        2018-12-17 p 79050 2018-12-17 2018-12-17 პერიოდიკა პერიოდიკა